Normal view MARC view
  • Rivera, John Paulo R

Entry Personal Name

Number of records used in: 1

001 - CONTROL NUMBER

  • control field: 131730

003 - CONTROL NUMBER IDENTIFIER

  • control field: OSt

005 - DATE AND TIME OF LATEST TRANSACTION

  • control field: 20260506161244.0

008 - FIXED-LENGTH DATA ELEMENTS

  • fixed length control field: 260506|| aca||aabn | a|a d

040 ## - CATALOGING SOURCE

  • Original cataloging agency: OSt
  • Transcribing agency: OSt

100 ## - HEADING--PERSONAL NAME

  • Personal name: Rivera, John Paulo R

670 ## - SOURCE DATA FOUND

  • Source citation: Work cat.: (OSt)94126: Tan, Andrew L. 131724, Business resilience and sustainability /, c2025.